000 00324nam a22001457a 4500
020 _a13-978-1-84681-426-4
082 _a641.6
_bSTU
100 _aSTUART, WALTON
245 _aCOCKTAILS
260 _aLONDON
_bANNESS PUBLISHER
_c2010
300 _a224
650 _aHOTEL MANAGEMENT
653 _aCOCKTAILS
942 _2ddc
_cBK
999 _c8118
_d8118